000
00328nam a22001577a 4500
003
SGT
020
_a
9789350351642
082
_a
346.484,BAN
100
_a
BANSAL,A.K
245
_a
DESIGN LAW
250
_a
1ST
260
_a
NEW DELHI
_b
UNIVERSAL LAW HOUSE
_c
2012
300
_a
246
650
_a
DESIGN LAW
942
_2
ddc
_c
BK
_0
2
999
_c
9899
_d
9899